Flandes indiano: las fortificaciones del reino de Chile, 1541-1826

Gardado en:
Detalles Bibliográficos
Autor Principal: Guarda Geywitz, Gabriel (autor)
Formato: Libro
Idioma:Lingua castelá
Publicado: Santiago, Chile Universidad Católica de Chile 1990
Subjects:
Tags: Engadir etiqueta
Sen Etiquetas, Sexa o primeiro en etiquetar este rexistro!

MARC

LEADER 00000nam a2200000 a 4500
001 UCX2250
003 CL-VaPUC
005 20241021151250.0
008 910412e19900000CL |||||||||||||||||spa|d
999 |c 223313  |d 223311 
040 |c Pontificia Universidad Católica de Valparaíso 
082 0 4 |a 725.18 GUA 1990  |2 21 
100 |a Guarda Geywitz, Gabriel  |e autor  |9 570466 
245 1 0 |a Flandes indiano:  |b  las fortificaciones del reino de Chile, 1541-1826 
260 |a Santiago, Chile  |b Universidad Católica de Chile  |c 1990 
300 |a 425 páginas 
500 |a Publicado en homenaje al V Centenario del Descubrimiento de América 
583 |a last modification  |c 19910412 00:00:00  |k Rodrigo Vera 
650 7 |a FORTIFICACIONES  |2 CL-VaPUC  |9 318129  |y SIGLOS 16-18  |z CHILE 
650 7 |a DEFENSAS  |2 CL-VaPUC  |9 318130  |z CHILE 
852 |a BIBCUR 
942 |c BK  |2 ddc 
945 |d 19910412 00:00:00 
952 |0 0  |1 0  |2 ddc  |4 0  |6 725_180000000000000_GUA_1990  |7 0  |8 X  |9 218961  |a BIBHIS  |b BIBHIS  |d 2019-11-15  |i 2877570  |l 3  |o 725.18 GUA 1990  |p 2877570  |r 2025-04-01  |s 2025-04-01  |t 2  |w 2019-11-15  |y BK_X  |k HIS 
952 |0 0  |1 0  |2 ddc  |4 0  |6 725_180000000000000_GUA_1990  |7 0  |8 F  |9 218962  |a BIBARQ  |b BIBARQ  |d 2019-11-15  |i 303481K  |o 725.18 GUA 1990  |p 303481K  |r 2025-01-20  |t 1  |w 2019-11-15  |y BK_F  |k ARQ 
952 |0 0  |1 0  |2 ddc  |4 0  |6 725_180000000000000_GUA_1990  |7 0  |8 X  |9 218963  |a BIBHIS  |b BIBHIS  |d 2019-11-15  |i 4182022  |l 2  |o 725.18 GUA 1990  |p 4182022  |r 2024-11-06  |s 2024-11-06  |t 3  |w 2019-11-15  |y BK_X  |k HIS